000 00399nam a2200133Ia 4500
005 20260328104304.0
008 260328s9999||||xx |||||||||||||| ||und||
100 _aMarcuse, Herbert
245 0 _aEl Hombre unidimensional :
_b Ensayo sobre la ideaologĂ­a de la sociedad industrail avanzada /
_cHerbert Marcuse
260 _bPlaneta-Agostini
300 _a276 p.
650 _aINDUSTRIAS
942 _cBK
999 _c10702
_d10702